2018 PDC World Darts Championships Participants - Statistics

General Stats
  • This quiz has been taken 147 times
    144 since last reset
  • The average score is 40 of 72
Answer Stats
Country Seed Player % Correct
Netherlands 1 Michael van Gerwen
100%
Scotland 3 Gary Anderson
99%
Scotland 2 Peter Wright
98%
Australia 24 Kyle Anderson
96%
Austria 5 Mensur Suljovic
95%
Northern Ireland 4 Daryl Gurney
94%
Australia 10 Simon Whitlock
94%
Wales PDPA Jamie Lewis
93%
England 7 Adrian Lewis
92%
England 6 Phil Taylor
92%
Netherlands 9 Raymond van Barneveld
91%
Wales 16 Gerwyn Price
89%
England 13 Michael Smith
86%
New Zealand IQ Bernie Smith
85%
Canada IQ Jeff Smith
85%
Belgium 18 Kim Huybrechts
83%
Belgium PT4 Ronny Huybrechts
83%
England 8 Dave Chisnall
82%
England 20 Rob Cross
82%
England 11 James Wade
81%
Belgium PT8 Dimitri van den Bergh
79%
Singapore IQ Paul Lim
75%
Netherlands PT2 Vincent van der Voort
73%
Northern Ireland PDPA Brendan Dolan
72%
Wales 31 Jonny Clayton
72%
Spain 26 Cristo Reyes
71%
England 23 Darren Webster
71%
Netherlands 12 Jelle Klaasen
69%
Wales 30 Mark Webster
69%
South Africa IQ Devon Petersen
65%
Scotland 29 John Henderson
64%
Poland IQ Krzysztof Ratajski
62%
Germany PT13 Martin Schindler
61%
Scotland 28 Robert Thornton
61%
England 17 Ian White
58%
Brazil IQ Diogo Portela
56%
England 21 Stephen Bunting
56%
Republic of Ireland IQ William O'Connor
55%
Netherlands 14 Benito van de Pas
54%
Republic of Ireland PT15 Steve Lennon
53%
Netherlands PT5 Jermaine Wattimena
52%
England 19 Joe Cullen
52%
Spain IQ Antonio Alcinas
51%
England 25 Steve Beaton
48%
Finland IQ Marko Kantele
46%
England 22 Mervyn King
46%
England PT14 Chris Dobey
40%
England 27 Justin Pipe
39%
England DT Luke Humphries
38%
Austria PT7 Zoran Lerchbacher
37%
England PT10 Keegan Brown
35%
England 15 Alan Norris
33%
England 32 James Wilson
32%
England PT16 Kevin Painter
32%
Japan IQ Seigo Asada
31%
Netherlands PT9 Jan Dekker
29%
England PT6 Steve West
29%
Germany IQ Kevin Munch
28%
Finland IQ Kim Viljanen
27%
Russia IQ Aleksandr Oreshkin
25%
Netherlands PT3 Christian Kist
25%
New Zealand IQ Cody Harris
25%
China PR IQ Zong Xiaochen
20%
Australia IQ Gordan Mathers
18%
England PT1 Richard North
18%
England PT11 James Richardson
17%
England PDPA Ted Evetts
17%
Croatia IQ Alan Ljubic
15%
Belgium IQ Kenny Neyens
15%
United States IQ Willard Bruguier
12%
England PT12 Peter Jacques
11%
Hong Kong IQ Kai Fan Lueng
4%
No matching quizzes found
Score Distribution
Percent of People with Each Score
Percentile by Number Answered
Your Score History
You have not taken this quiz since the last reset